| 000 | 00726nam a2200229Ia 4500 | ||
|---|---|---|---|
| 003 | GCL | ||
| 008 | 140319s9999 xx 000 0 ara d | ||
| 040 |
_aGCL / _cGCL |
||
| 082 | 0 | 4 |
_a327.12 _bس م |
| 100 | 1 | _aسيد الجزائرى | |
| 245 | 1 | 0 |
_aملف الثمانينات عن حزب المخابرات / _cسيد الجزائرى |
| 260 |
_a[S.N] : _bدار الجيل للنشر والتوزيع ، _c1989 |
||
| 300 | _a465 ص | ||
| 490 | _a | ||
| 650 | 0 | 4 | _aالولايات المتحدة الامريكية |
| 650 | 0 | 4 | _aالمخابرات |
| 650 | 0 | 4 | _aالسياسة الدولية |
| 650 | 0 | 4 | _aاسرائيل |
| 650 | 0 | 4 | _aالجاسوسية |
| 650 | 0 | 4 | _aحرب اكتوبر 1973 |
| 942 |
_2ddc _cBK |
||
| 999 |
_c28164 _d28164 |
||